000 00771nam a2200241Ia 4500
003 OSt
005 20220927105439.0
006 a|||||r|||| 00| 0
007 ta
008 220926b |||||||| |||| 00| 0 eng d
024 _a156252
037 _cReference Collections
040 _aRTL
_cRTL
_beng
041 _2eng
_aeng
082 _a"X61:8p73,N44, H5"
110 _aINDIAN DELEGATION
_9372638
245 0 _a"Report of the Indian delegation to the United Nations monetary & financial conference at Bretton woods (July 1 to July 22, 1944)"
260 _aDelhi
_bThe Manager of Publications
_c1945
300 _a44p
_ccm.
700 _aINDIAN DELEGATION
_9372639
942 _h"X61:8p73,N44, H5"
_cCC
999 _c692636
_d692636